| Tag |
First Indicator |
Second Indicator |
Subfields |
| LEADER |
00000cam a2200000 4500 |
| 001 |
in00000012542 |
| 005 |
20151007051842.0 |
| 008 |
771213s1967 wauabc b 00110 eng |
| 010 |
|
|
|a 67003780
|
| 035 |
|
|
|a (OCoLC)03489442
|
| 035 |
|
|
|9 AAA5112AM
|
| 040 |
|
|
|a DLC
|c OCP
|d m.c.
|d TXA
|d UtOrBLW
|
| 049 |
|
|
|a TXAM
|c [A12639147]
|
| 050 |
0 |
0 |
|a DS557.A5
|b A46
|
| 082 |
0 |
|
|a 959.7/04
|
| 110 |
2 |
|
|a Civic Education Service.
|
| 245 |
1 |
0 |
|a Two Viet Nams in war and peace /
|c by the editors of Civic Education Service.
|
| 264 |
|
1 |
|a Washington :
|b Civic Education Service,
|c [1967]
|
| 264 |
|
4 |
|c [©1967]
|
| 300 |
|
|
|a 144 pages :
|b illustrations, maps, portraits ;
|c 20 cm.
|
| 336 |
|
|
|a text
|b txt
|2 rdacontent
|
| 337 |
|
|
|a unmediated
|b n
|2 rdamedia
|
| 338 |
|
|
|a volume
|b nc
|2 rdacarrier
|
| 490 |
1 |
|
|a CES regional series
|
| 504 |
|
|
|a Bibliography: page 140.
|
| 500 |
|
|
|a Includes index.
|
| 651 |
|
0 |
|a Vietnam
|x History.
|
| 650 |
|
0 |
|a Vietnam War, 1961-1975.
|
| 830 |
|
0 |
|a CES regional series.
|
| 999 |
|
|
|a MARS
|
| 999 |
f |
f |
|s 86c795ba-e0a7-3d9f-8a81-42e3f9bb4bcb
|i 18c89bef-2a1f-347f-9424-e88b606ca86e
|t 0
|
| 952 |
f |
f |
|p ric
|a Texas A&M University
|b Rellis Campus
|c Joint Library Facility
|d Remote Storage
|t 0
|e DS557.A5 A46
|h Library of Congress classification
|i unmediated -- volume
|m A14812639147
|
| 998 |
f |
f |
|a DS557.A5 A46
|t 0
|l Remote Storage
|